Normal view
MARC view
- Rodés, Josep
Entry Nombre Personal
001 - NUMERO DE CONTROL
- campo de control: 52988
003 - IDENTIFICADOR DE NUMERO DE CONTROL
- campo de control: MX-MxUPN
005 - FECHA Y HORA DE LA ÜLTIMA TRANSACCIÓN
- campo de control: 20240809155035.0
008 - DATOS DE LONGITUD FIJA
- campo de control de longitud fija: 240809|| aca||aabn | aaa d
010 ## - NÚMERO DE CONTROL DE LA BIBLIOTECA DEL CONGRESO
- Número de control LC: no2009103575
035 ## - NUMERO DE CONTROL
- Número de control: (OCoLC)oca08163220
040 ## - FUENTE DE CATALOGACIÓN
- Agencia original de catalogación: IOrQBI
- Lenguaje de catalogación: spa
- Agencia de transcripción: IOrQBI
- Agencia que lo modifica: MX-MxUPN
- Agencia que lo modifica: CU-A
100 1# - ENCABEZAMIENTO - NOMBRE PERSONAL
- Nombre personal: Rodés, Josep
374 ## - OCUPACIÓN
- Occupation: ilustrador
670 ## - FUENTE EN LA QUE SE LOCALIZARON DATOS
- Cita de la fuente: LC, 09 agosto 2024 :
- Información localizada: (Rodés, Josep)
- Uniform Resource Identifier: https://lccn.loc.gov/no2009103575
902 ## - CATALOGADOR
- Catalogador: MaríaRobles/090824
